000 00845nam a22002057a 4500
003 DO-SdBNP
005 20171127130017.0
008 171127b 2001 mx a ||||| |||| 00| 0 spa d
020 _a9687277440
040 _aBPMSU
_bspa
_cBPMSU
092 _axxxx
_bxxxx
100 1 _aCuauhtémoc Sánchez, Carlos
245 1 0 _aLeyes eternas 3 :
_bnuevos principios de superación y valores /
_crecopilación de las frases mas contundentes de ; Carlos Cuauhtémoc Sánchez.
260 _aMéxico :
_bEdiciones Selectas Diamante,
_c2001.
300 _a142 p. :
_bil. ;
_c21 cm.
505 _tHábitos de vida --
_tActitud ante los retos --
_tAcciones concretas --
_tAmor de pareja --
_tEducación de los hijos --
_tRelaciones humanas y familia.
942 _2ddc
_cBK
945 _aInventariado 2017/ LP
956 _aLOPEREZ
_b10
_c20171127
_h0041
_iBPMSU
999 _c13124
_d13124